| 000 | 00597nam a22002057a 4500 | ||
|---|---|---|---|
| 005 | 20140811143056.0 | ||
| 008 | 140808b xxu||||| |||| 00| 0 eng d | ||
| 020 |
_a8189833693 _c195.00 |
||
| 040 | _aLoreto College | ||
| 082 |
_bAMI _a320 |
||
| 100 | _aAmin,Samir | ||
| 245 |
_aThe world we wish to see _bRevolutionary objectives in the twenty-first century _cSamir Amin;translated by James Membrez |
||
| 260 |
_aDelhi _bAakar Books _c2009 |
||
| 300 |
_a144p _b22cm |
||
| 504 | _aIncludes index | ||
| 650 | _aGlobal politics | ||
| 700 |
_4tr. _aMembrez,James |
||
| 850 | _aLCLIB | ||
| 942 | _cBK | ||
| 999 |
_c39442 _d89921 |
||